Statistiken für 10 größte Städte in Deutschland

Klicken Sie hier um das Quiz zu spielen!

Allgemein

  • Dieses Quiz wurde 53 mal gespielt
  • Das Durchschnittsergebnis liegt bei 9 aus 10

Antwortstatistiken

EinwohnerzahlStadt% Korrekt
3.755.251Berlin
100%
773.068Frankfurt am Main
98%
1.892.122Hamburg
98%
1.084.831Köln
98%
1.512.491München
96%
632.865Stuttgart
94%
629.047Düsseldorf
90%
593.317Dortmund
76%
582.415Essen
76%
616.093Leipzig
76%

Verteilung der Resultate

Perzentil nach korrekt beantworteten Fragen

Anzahl Personen mit jedem Resultat

Ihre Resultats-Entwicklung

Sie haben dieses Quiz noch nicht gespielt